000 00732nam a2200241 4500
999 _c13190
_d13190
003 MIRAKIL
005 20211214000614.0
008 190425b tu ||||| |||| 00| 0 tur d
020 _a9789751031693
040 _aTR-AnCHP
_cTR-AnCHP
041 _atur
082 _a956.102
_bM39c 2010
100 1 _aMeydan, Sinan
245 1 0 _aCumhuriyet tarihi yalanları /
_cSinan Meydan.
260 _aİstanbul :
_bİnkılap kitabevi ,
_c2010.
300 _ac. "2." (639 s.) :
_bfotğ.;
_c22 sm.
500 _aYapıt yazarından imzalıdır.
504 _aKaynakça vardır.
650 0 _95
_aTürkiye
_xTarih
_yCumhuriyet dönemi
650 0 _aSiyaset ve yönetim
_xTürkiye
_zTürkiye
_99
942 _2ddc
_cBKS
999 _d13190